| 000 | 00754nas a2200229 a 4500 | ||
|---|---|---|---|
| 005 | 20240816110822.0 | ||
| 006 | s|||||o|||| 00| 0 | ||
| 008 | 240816c2017 py|br|p|o|||| 00| 0 spa d | ||
| 022 | _a2707-2215 | ||
| 040 |
_aMX-MxUPN _bspa _cMX-MxUPN _eaacr2 |
||
| 245 | 1 |
_aCiencia latina : _brevista científica multidisciplinar _h[recurso electrónico en línea] |
|
| 260 |
_aParaguay : _bAsociación Latinoamérica para el avance de las ciencias, _c2017- |
||
| 310 | _aBimestral | ||
| 506 | 0 | _aAcceso abierto | |
| 510 | 1 | _aLatindex | |
| 510 | 1 | _aMiar | |
| 510 | 1 | _aRebiun | |
| 650 | 4 |
_915081 _aDivulgación científica |
|
| 856 | 4 | _uhttps://ciencialatina.org/index.php/cienciala/issue/view/29 | |
| 902 | _aGloria Jiménez/160824 | ||
| 942 | _cREV-E | ||
| 999 |
_c211560 _d211560 |
||